| 000 | 00996nam a22002415a 4500 | ||
|---|---|---|---|
| 999 |
_c15597 _d15597 |
||
| 003 | EG-ScBUE | ||
| 005 | 20190228100218.0 | ||
| 008 | 110615s1991 ua grb 000 0bara d | ||
| 040 |
_aEG-ScBUE _bara _cEG-ScBUE |
||
| 082 | 0 | 4 |
_a297.63 _bج ا د _222 |
| 100 | 1 |
_aجاد المولى، أحمد. _925255 |
|
| 245 | 1 | 0 |
_aمحمد صلى الله عليه وسلم : _bالمثل الكامل / _cأحمد جاد المولى ؛ تحقيق عبد الرحيم مارديني. |
| 260 |
_aدمشق : _bمكتبة دار المحبة، _c1991. |
||
| 300 |
_a444 ص. ؛ _c24 سم. |
||
| 504 | _aيشتمل على إرجاعات ببليوجرافية. | ||
| 600 | 0 | 7 |
_aمحمد (صلى الله عليه وسلم)، _d53 هـ. -11 هـ. _2BUEsh |
| 650 | 7 |
_aالسيرة النبوية. _2BUEsh _913450 |
|
| 650 | 7 |
_aأخلاق الرسول. _2BUEsh _925261 |
|
| 651 | _2BUEsh | ||
| 653 |
_bGGEN _cFebruary2018 |
||
| 700 | 1 |
_aلمارديني، عبد الرحيم، _eمحقق. _925265 |
|
| 942 |
_2ddc _cBB |
||